Statistics for Million Reasons - Lady Gaga (All Lyrics)

Click here to take the quiz!

General Stats

  • This quiz has been taken 1,055 times
  • The average score is 293 of 358

Answer Stats

Answer% Correct
a
99%
million
99%
reasons.
99%
reasons
99%
reasons,
99%
you
99%
I
98%
me
98%
to
98%
to
97%
go.
96%
the
96%
let
93%
show
92%
show.
92%
be
91%
givin'
91%
You're
90%
you're
90%
stay.
89%
give
88%
one.
88%
one
88%
one,
88%
just
87%
need
87%
way
87%
but
86%
But
86%
good
86%
better.
85%
good
85%
make
84%
about
83%
away.
83%
Baby
82%
baby
82%
down
82%
pray.
82%
quit
82%
baby
81%
Baby
81%
Lord
81%
try
81%
walk
81%
got
80%
hundred
78%
I've
78%
seem
78%
if
77%
If
77%
bow
76%
out
76%
for
74%
all
73%
leather.
70%
would
70%
cut
69%
had
69%
run
69%
worn
68%
through
67%
hills.
66%
through
66%
And
65%
and
65%
it
64%
that
64%
highway
63%
still.
62%
forever
59%
worse
55%
could
53%
I'd
53%
in
53%
It's
52%
i'm
51%
I'm
51%
find
49%
hard
49%
'Cause
45%
say
45%
Every
44%
believe.
43%
like
43%
should
43%
When
43%
even
42%
aware.
41%
mean.
41%
somethin'
41%
stuck
41%
bleedin',
40%
bleedin'.
40%
completely
40%
Can't
39%
keep
39%
look
39%
Tell
39%
what
39%
breathin'
38%
cycle
38%
Head
38%
stare.
38%
you'll
38%
heartbreak
37%
might
37%
dry
36%
makes
36%
off
35%
stopped
35%
which
35%
needin'.
34%
needin',
34%
faith.
33%
his
33%
parts
32%
you've
32%
fathom
30%

Score Distribution

Percentile by Number Answered

Percent of People with Each Score

Your Score History

You have not taken this quiz